| 000 | 00474nam a2200169 i 4500 | ||
|---|---|---|---|
| 001 | bgj | ||
| 100 | 1 | _a[HEINICKE, Hans Peter] | |
| 245 | 1 | 0 |
_aBerlins heimliche Sehens-würdigkeiten / _cHans Peter Heinicke. |
| 260 |
_a[Berlin : _bWort- und Bild-Specials, _c1986]. |
||
| 300 |
_a129 S. : _bIll. ; _c19 cm. |
||
| 651 | 9 |
_aBerlin (West) _xSehenwürdigkeit |
|
| 655 | _aFührer | ||
| 040 | _cBPK | ||
| 041 | 0 | _ager | |
| 942 | _cKS | ||
| 008 | s gw f |000 0 ger | ||
| 999 |
_c50757 _d50757 |
||
| 856 |
_uhttp://koha.tu.koszalin.pl/cgi-bin/koha/opac-detail.pl?biblionumber=50757 _yKatalog online BPK |
||